Parallelisms of complete designs /

Guardado en:
Autor Principal: Cameron, Peter J. 1947-
Formato: Libro
Idioma:English
Publicado: Cambridge : Cambridge University Press, c1976.
Series:London Mathematical Society lecture note series ; 23
Materias:
Acceso en línea:Publisher description
Etiquetas: Agregar Etiqueta
Sin Etiquetas, Sea el primero en etiquetar este registro!
LEADER 01188cam a2200265 a 4500
001 MAT.inmabb004924
008 751222s1976####enka#####b####001#0#eng##
005 20130225111753.0
245 1 0 |a Parallelisms of complete designs /  |c Peter J. Cameron. 
260 |a Cambridge :  |b Cambridge University Press,  |c c1976. 
300 |a 144 p. :  |b il. ;  |c 23 cm. 
440 0 |a London Mathematical Society lecture note series ;  |v 23 
504 |a Bibliografía: p. 138-142. 
505 0 |a 1. The existence theorem -- 2. The parallelogram property -- 3. Steiner points and Veblen points -- 4. Minimal edge-colourings of complete graphs -- 5. Biplanes and metric regularity -- 6. Automorphism groups -- 7. Resolutions and partition systems. 
510 4 |a MR,  |c 54 #7269 
020 |a 0521211603 
100 1 |a Cameron, Peter J.  |q (Peter Jephson),  |d 1947- 
650 0 |a Combinatorial designs and configurations. 
650 0 |a Permutation groups. 
650 0 |a Parallels (Geometry) 
084 |a 05-02 (50A20 91B16)  |2 MR 
010 |a  75032912  
040 |a DLC  |c DLC  |d DLC 
856 4 2 |3 Publisher description  |u http://www.loc.gov/catdir/enhancements/fy0803/75032912-d.html 
859 |h 05  |i C182  |p A-6138  |b BIB. MATEMATICA